=LDR 00000nam 2200000 4500 =001 INLIS000000000810408 =005 20251208084956 =035 ##$$a 0010-1225000046 =007 ta =008 251208###########################0###### =082 ##$$a 297.21 =084 ##$$a 297.21 AND r =245 ##$$a Syarah Rinci Rukun Iman 1 Set 2 Jilid /$c Dr. Firanda Andirja =260 ##$:$b Ustadz Firanda Andirja Office =300 ##$$a Jilid1 682 Halaman, Jil2 784 Halaman ; $c 18 cm x 25 cm